00841nam a22002412a 450000100060000000300080000600500170001400800410003103500190007204000320009104100080012308200200013110000490015124500810020025000260028126000640030730000260037150000760039750400390047365000270051270000340053974000260057336068BD-RjUL20211209052429.0140616r19651964nyu b 001 0 eng d a(BD-RjUL)36165 aDLCcDLCdEQOdBD-RjULbeng aeng00a320.3bCOE 19651 aCorry, J. A.q(James Alexander),d1899-1985.10aElements of democratic government /c[by] J. A. Corry [and] Henry J. Abraham a4th ed., rev. and enl aNew York :bOxford University Press,c1964 [printing 1965]. axiv, 827 p. ;c24 cm. aFirst published in 1946 under title: Democratic government and politics aIncludes bibliographies and index. 0aComparative government1 aAbraham, Henry Julian,d1921-0 aDemocratic government